[Event "DVM U12 2013"]
[Site "Lichtenfels-Schney GER"]
[Date "2013.12.29"]
[Round "5"]
[White "Engel, Luis"]
[Black "Schnabel, Bennett"]
[Result "1-0"]
[Termination "normal"]
[Board "1.1"]
[WhiteElo "1852"]
[BlackElo "1709"]
[WhiteTeam "Hamburger SK"]
[BlackTeam "Treptower SV 1949"]
[WhiteFideId "12961523"]
[BlackFideId "12943290"]
[EventCountry "GER"]
[EventRounds "7"]
[EventType "team-swiss"]
[EventDate "2013.12.26"]

1. e4 c5 2. Nf3 g6 3. d4 cxd4 4. Nxd4 Bg7 5. c4 Nc6 6. Nc2 Nf6 7. Nc3 O-O 8.
Be2 d6 9. Be3 Be6 10. Rc1 a6 11. Qd2 Ne5 12. b3 Qa5 13. O-O Kh8 14. f3 Rab8 15.
Nd4 Bd7 16. Rfd1 Rfc8 17. Bf1 Nc6 18. a4 Nxd4 19. Bxd4 Be6 20. Qe3 Qh5 21. Qf2
Nd7 22. Nd5 Bxd5 23. Bxg7+ Kxg7 24. cxd5 Qe5 25. b4 Qf4 26. g3 Qf6 27. Bh3 Rxc1
28. Rxc1 Ne5 29. Rc3 Nc6 30. Rc4 Ne5 31. Rc3 Nc6 32. Rb3 Ne5 33. Qe2 g5 34. Qe3
g4 35. fxg4 Nc4 36. Qc3 b5 37. axb5 axb5 38. g5 Qxc3 39. Rxc3 Ra8 40. Bd7 Nd2
41. Bf5 Ra4 42. Rc7 Rxb4 43. Rxe7 Rc4 44. Rb7 Nf3+ 45. Kg2 Nxg5 46. Rxb5 Nxe4
47. Bxe4 Rxe4 48. Rb6 f5 49. Rxd6 f4 50. Kf3 fxg3 51. hxg3 Rd4 52. g4 h6 53.
Kg3 Kf7 54. Kh4 Ke7 55. Re6+ Kf7 56. Re5 Kf6 57. Rf5+ Kg6 58. Kg3 Rd1 59. Rh5
Rf1 60. Re5 Rd1 61. Kf3 Kf6 62. Rf5+ Ke7 63. Ke4 Rg1 64. Rf4 Ra1 65. Ke5 Ra6
66. Rd4 Rd6 67. Rd3 Rg6 68. d6+ Kd7 69. Kf5 Rg5+ 70. Kf4 Rg6 71. Rd5 Rg7 72.
Kg3 Rg5 73. Rd4 Ra5 74. Kh4 Rg5 75. Rf4 Kxd6 76. Rf6+ Ke7 77. Rxh6 Ra5 78. g5
Kf7 79. Rb6 Kg7 80. Kh5 Ra1 81. Rb7+ Kg8 82. Kh6 Rh1+ 83. Kg6 Kf8 84. Rb8+ Ke7
85. Kg7 Ke6 86. g6 Ke7 87. Kg8 Rg1 88. g7 Rh1 89. Rb7+ Ke8 90. Rb5 Ke7 91. Re5+
Kd6 92. Re4 Rh2 93. Kf7 Rf2+ 94. Kg6 Rg2+ 95. Kf6 Rf2+ 96. Kg5 Kd5 97. Rg4 Rd2
98. g8=Q+ Kc5 99. Qc4+ 1-0

[Event "DVM U12 2013"]
[Site "Lichtenfels-Schney GER"]
[Date "2013.12.29"]
[Round "5"]
[White "Petersen, Marcel"]
[Black "Meyling, Lennart"]
[Result "1-0"]
[Termination "normal"]
[Board "1.2"]
[WhiteElo "1581"]
[BlackElo "1716"]
[WhiteTeam "Treptower SV 1949"]
[BlackTeam "Hamburger SK"]
[WhiteFideId "12935670"]
[BlackFideId "12947130"]
[EventCountry "GER"]
[EventRounds "7"]
[EventType "team-swiss"]
[EventDate "2013.12.26"]

1. e4 c5 2. Nf3 d6 3. d4 cxd4 4. Nxd4 Nf6 5. Nc3 a6 6. f3 e5 7. Nb3 Be6 8. Be3
Be7 9. Qd2 Nbd7 10. O-O-O b5 11. Kb1 Nb6 12. g4 Nfd7 13. Rg1 Nc4 14. Bxc4 bxc4
15. Nc1 O-O 16. Nd5 Bxd5 17. Qxd5 Re8 18. Ne2 Nb6 19. Qa5 Rb8 20. Nc3 Nd7 21.
Qxd8 Rexd8 22. Nd5 Bh4 23. c3 Nf6 24. Ne7+ Kf8 25. Nc6 Rbc8 26. Nxd8 Rxd8 27.
g5 Nh5 28. Rg4 Nf4 29. Bxf4 Bf2 30. Bxe5 Bc5 31. Bd4 Bxd4 32. Rxd4 Ke7 33. Rxc4
f5 34. gxf6+ Kxf6 35. Rc6 g5 36. e5+ Kxe5 37. Rxg5+ Kf4 38. Rg7 Ke3 39. Rxa6
Kd3 40. a3 d5 41. Rxh7 Kd2 42. Ra4 Rf8 43. Re7 Kd3 44. Rd4# 1-0

[Event "DVM U12 2013"]
[Site "Lichtenfels-Schney GER"]
[Date "2013.12.29"]
[Round "5"]
[White "Holinka, Henning"]
[Black "Hüls, Maximilian"]
[Result "1/2-1/2"]
[Termination "normal"]
[Board "1.3"]
[WhiteElo "1583"]
[BlackElo "1609"]
[WhiteTeam "Hamburger SK"]
[BlackTeam "Treptower SV 1949"]
[WhiteFideId "12967084"]
[BlackFideId "12949698"]
[EventCountry "GER"]
[EventRounds "7"]
[EventType "team-swiss"]
[EventDate "2013.12.26"]

1. e4 c5 2. Nf3 Nc6 3. d4 cxd4 4. Nxd4 Nf6 5. Nc3 d6 6. h3 e5 7. Nb3 Be6 8. Be3
Be7 9. Be2 O-O 10. O-O d5 11. exd5 Nxd5 12. Nxd5 Qxd5 13. Qxd5 Bxd5 14. c3 b6
15. f4 Bf6 16. f5 Rfd8 17. Nd2 Ne7 18. g4 h6 19. Bf3 Bxf3 20. Nxf3 Nd5 21. Rfe1
Rd7 22. Rad1 Rad8 23. Bc1 Nf4 24. Rxd7 Rxd7 25. Nxe5 Bxe5 26. Rxe5 Rd1+ 27. Kh2
Rxc1 28. Re8+ Kh7 29. Re7 Rc2+ 30. Kg3 Nd5 31. Rxf7 Rxb2 32. Rxa7 Nxc3 33. Rb7
Kg8 34. Kh4 Nd5 35. Rd7 Nf6 36. Ra7 Nd5 37. Rd7 Nf6 38. Ra7 b5 39. Rb7 b4 40.
Rb5 Ne4 41. Kh5 Nc3 42. Rb7 Ne2 43. Kh4 Nf4 44. Kg3 Nd5 45. h4 Rxa2 46. Rb5
Ra3+ 47. Kf2 Ra2+ 48. Kf3 Ra3+ 49. Kf2 b3 50. Rxd5 Ra2+ 1/2-1/2

[Event "DVM U12 2013"]
[Site "Lichtenfels-Schney GER"]
[Date "2013.12.29"]
[Round "5"]
[White "Stockter, Jasper Enno"]
[Black "Fuhrmann, Äke"]
[Result "0-1"]
[Termination "normal"]
[Board "1.4"]
[WhiteElo "1337"]
[BlackElo "1423"]
[WhiteTeam "Treptower SV 1949"]
[BlackTeam "Hamburger SK"]
[WhiteFideId "12957291"]
[BlackFideId "12983853"]
[EventCountry "GER"]
[EventRounds "7"]
[EventType "team-swiss"]
[EventDate "2013.12.26"]

1. e4 d6 2. d4 Nf6 3. Nc3 g6 4. f4 e5 5. Nf3 Nc6 6. Be3 Bg7 7. Qd2 a6 8. O-O-O
O-O 9. h3 b5 10. dxe5 dxe5 11. Qxd8 Rxd8 12. Rxd8+ Nxd8 13. fxe5 Nd7 14. Nd5
Ne6 15. Ng5 Bxe5 16. Nxe6 fxe6 17. Nf4 Nf6 18. Nd3 Bg3 19. e5 Nd7 20. Bd4 Bb7
21. h4 Be4 22. Kd2 Bxd3 23. Bxd3 Bxe5 24. Bxe5 Nxe5 25. Re1 Nxd3 26. Kxd3 Kf7
27. Kc3 Rd8 28. Re5 Kf6 29. Rc5 Rc8 30. Rc6 a5 31. Rc5 c6 32. g4 Ke7 33. a4 Kd6
34. Rg5 Rg8 35. Kd4 h6 36. Re5 Rf8 37. Ke4 Rf2 38. Ke3 Kxe5 39. Kxf2 bxa4 40.
Ke3 g5 41. h5 Kd5 42. Kd3 e5 43. c4+ Kc5 44. Ke4 Kxc4 45. Kxe5 Kb3 46. Kf5 Kxb2
47. Kg6 a3 48. Kxh6 a2 49. Kh7 a1=Q 50. h6 Qa4 51. Kg7 Qxg4 52. h7 Qh4 53. Kh8
Qxh7+ 0-1

[Event "DVM U12 2013"]
[Site "Lichtenfels-Schney GER"]
[Date "2013.12.29"]
[Round "5"]
[White "Hofmann, Rares"]
[Black "Daoud, Marcel"]
[Result "1/2-1/2"]
[Termination "normal"]
[Board "2.1"]
[WhiteElo "1789"]
[BlackElo "1638"]
[WhiteTeam "TuS Coswig 1920"]
[BlackTeam "SK Freising"]
[WhiteFideId "12976440"]
[BlackFideId "12994774"]
[EventCountry "GER"]
[EventRounds "7"]
[EventType "team-swiss"]
[EventDate "2013.12.26"]

1. e4 e6 2. d4 d5 3. Nd2 dxe4 4. Nxe4 Bd7 5. Nf3 Bc6 6. Bd3 Nd7 7. O-O Ngf6 8.
Ng3 Be7 9. b3 Bxf3 10. Qxf3 c6 11. Bb2 O-O 12. c4 Qc7 13. Rad1 Rad8 14. Rfe1
Rfe8 15. Ne2 Nf8 16. Bc2 Ng6 17. Nc3 Rd7 18. Re2 Red8 19. Ne4 Nxe4 20. Qxe4 Bf6
21. c5 Qf4 22. Red2 Qxe4 23. Bxe4 Be7 24. Bc3 Bg5 25. Ba5 Rc8 26. Rc2 Bf6 27.
Bxg6 hxg6 28. Rcd2 Re8 29. f4 Rd5 30. Bc7 Re7 31. Be5 Red7 32. Bxf6 gxf6 33.
Kf2 Kf8 34. b4 Ke7 35. Ke3 Rd8 36. Rb2 R8d7 37. a3 g5 38. g3 gxf4+ 39. gxf4 Rh5
40. Rh1 Rh3+ 41. Kf2 Rxd4 42. Kg2 Rh4 43. f5 a6 44. Re2 Rh5 45. fxe6 fxe6 46.
Rhe1 e5 47. Re4 Rd2+ 48. R1e2 Rxe2+ 49. Rxe2 Ke6 50. Rd2 f5 51. Rd8 Rh7 52.
Rd6+ Kf7 53. h3 Ke7 54. Rg6 e4 55. Kg3 Kd7 56. Rf6 Rh5 57. Rf7+ Kc8 1/2-1/2

[Event "DVM U12 2013"]
[Site "Lichtenfels-Schney GER"]
[Date "2013.12.29"]
[Round "5"]
[White "Wachtel, Arthur"]
[Black "Kunath, Tim"]
[Result "1-0"]
[Termination "normal"]
[Board "2.2"]
[WhiteElo "1434"]
[BlackElo "1552"]
[WhiteTeam "SK Freising"]
[BlackTeam "TuS Coswig 1920"]
[WhiteFideId "12988510"]
[BlackFideId "12985074"]
[EventCountry "GER"]
[EventRounds "7"]
[EventType "team-swiss"]
[EventDate "2013.12.26"]

1. e4 d5 2. exd5 Qxd5 3. Nc3 Qa5 4. d4 c6 5. Bc4 Nf6 6. Bd2 Qc7 7. Qe2 Bf5 8.
O-O-O e6 9. Nf3 Be7 10. Ne5 Nbd7 11. h3 Nxe5 12. dxe5 Nd7 13. g4 Bg6 14. f4 h6
15. Be3 b5 16. Bb3 b4 17. Nb1 Be4 18. Rhf1 Bd5 19. f5 Qxe5 20. Qd2 O-O 21. g5
hxg5 22. Bxg5 Bxg5 23. Qxg5 Qf6 24. Qg3 Qh6+ 25. Nd2 Nc5 26. Kb1 Nxb3 27. Nxb3
a5 28. f6 g6 29. Rd4 Qh5 30. Rh4 Qe2 31. Re1 Qg2 32. Rh8+ Kxh8 33. Qh4+ Kg8 34.
Qh6 1-0

[Event "DVM U12 2013"]
[Site "Lichtenfels-Schney GER"]
[Date "2013.12.29"]
[Round "5"]
[White "Lehne, Arwin Hugo"]
[Black "Oelmaier, Manuel"]
[Result "1/2-1/2"]
[Termination "normal"]
[Board "2.3"]
[WhiteElo "1336"]
[BlackElo "1114"]
[WhiteTeam "TuS Coswig 1920"]
[BlackTeam "SK Freising"]
[WhiteFideId "12985090"]
[EventCountry "GER"]
[EventRounds "7"]
[EventType "team-swiss"]
[EventDate "2013.12.26"]

1. c4 e5 2. Nc3 Nc6 3. g3 Bb4 4. Bg2 d6 5. a3 Bxc3 6. bxc3 Be6 7. d3 Nf6 8. Nf3
h6 9. O-O Qd7 10. Be3 Bh3 11. Rb1 Bxg2 12. Kxg2 b6 13. Qa4 O-O 14. d4 Na5 15.
Qxd7 Nxd7 16. Nd2 Rab8 17. Rb2 Nf6 18. f3 Rfe8 19. h3 exd4 20. Bxd4 Rxe2+ 21.
Rf2 Rxf2+ 22. Kxf2 Nd7 23. f4 c5 1/2-1/2

[Event "DVM U12 2013"]
[Site "Lichtenfels-Schney GER"]
[Date "2013.12.29"]
[Round "5"]
[White "Seidenberger, Florian"]
[Black "von Koslowski, Wilhelm"]
[Result "1/2-1/2"]
[Termination "normal"]
[Board "2.4"]
[WhiteElo "810"]
[BlackElo "1280"]
[WhiteTeam "SK Freising"]
[BlackTeam "TuS Coswig 1920"]
[BlackFideId "12985147"]
[EventCountry "GER"]
[EventRounds "7"]
[EventType "team-swiss"]
[EventDate "2013.12.26"]

1. d4 d5 2. c4 c6 3. Nc3 Nf6 4. Nf3 e6 5. Bg5 h6 6. Bh4 Bd6 7. e3 O-O 8. c5 Be7
9. Bd3 Nbd7 10. O-O b6 11. b4 bxc5 12. bxc5 Qa5 13. Rc1 Rb8 14. Bb1 Ba6 15. Re1
Rb2 16. Rc2 Rfb8 17. Rxb2 Rxb2 18. Qc1 Rb7 19. Qc2 Bc4 20. Bxf6 Nxf6 21. Ne5
Qc7 22. Ng4 g6 23. Nxh6+ Kg7 24. Nxf7 1/2-1/2

[Event "DVM U12 2013"]
[Site "Lichtenfels-Schney GER"]
[Date "2013.12.29"]
[Round "5"]
[White "Nguyen, Anh Van"]
[Black "Biastoch, Bennet"]
[Result "0-1"]
[Termination "normal"]
[Board "3.1"]
[WhiteElo "1610"]
[BlackElo "1713"]
[WhiteTeam "USV Potsdam"]
[BlackTeam "SG Aufbau Elbe Magdeburg"]
[WhiteFideId "12908223"]
[BlackFideId "12939889"]
[EventCountry "GER"]
[EventRounds "7"]
[EventType "team-swiss"]
[EventDate "2013.12.26"]

1. e4 c5 2. Nf3 d6 3. c3 Nf6 4. Be2 Nc6 5. Qc2 Bg4 6. O-O e6 7. h3 Bh5 8. d3
Be7 9. Be3 d5 10. e5 Nd7 11. d4 Rc8 12. Qb3 b6 13. Na3 c4 14. Qd1 a6 15. Nh2
Bxe2 16. Qxe2 h5 17. f4 g6 18. Nf3 b5 19. Nc2 b4 20. Ng5 Nb6 21. g4 Na4 22.
Nxf7 Kxf7 23. f5 gxf5 24. gxf5 exf5 25. Rxf5+ Ke6 26. Rxh5 Rxh5 27. Qxh5 Qg8+
28. Kh2 Qf7 29. Qh6+ Kd7 30. e6+ Qxe6 31. Qh7 Qe4 32. Qh5 Qxc2+ 33. Kg3 Rg8+
34. Kf3 Qg2+ 35. Kf4 Qe4# 0-1

[Event "DVM U12 2013"]
[Site "Lichtenfels-Schney GER"]
[Date "2013.12.29"]
[Round "5"]
[White "Roseneck, Jonas"]
[Black "Shevelko, Alexander"]
[Result "1-0"]
[Termination "normal"]
[Board "3.2"]
[WhiteElo "1744"]
[BlackElo "1556"]
[WhiteTeam "SG Aufbau Elbe Magdeburg"]
[BlackTeam "USV Potsdam"]
[WhiteFideId "12939870"]
[BlackFideId "12952125"]
[EventCountry "GER"]
[EventRounds "7"]
[EventType "team-swiss"]
[EventDate "2013.12.26"]

1. e4 d6 2. d4 Nf6 3. Nc3 c6 4. a4 Qa5 5. Bd3 Bg4 6. f3 Bh5 7. Nge2 e6 8. O-O
d5 9. e5 Nfd7 10. Bd2 Qc7 11. Be3 a6 12. Ng3 Bg6 13. f4 Bxd3 14. Qxd3 g6 15.
Nce2 c5 16. c3 Nc6 17. Rfc1 Na5 18. Qc2 c4 19. Rf1 Be7 20. Nc1 O-O 21. f5 Rfe8
22. fxe6 fxe6 23. Bh6 Bf8 24. Bg5 Bg7 25. h4 Rf8 26. Nce2 Rxf1+ 27. Rxf1 Rf8
28. Rxf8+ Nxf8 29. h5 h6 30. Be3 g5 31. Nc1 Qb6 32. Kf2 Qc6 33. Ke2 Qe8 34. Ke1
Kh8 35. Ke2 Kg8 36. Ke1 Kh8 37. Qd1 Kg8 38. Nh1 Nd7 39. b4 cxb3 40. Nxb3 Nc4
41. Bc1 Qf7 42. Ng3 Qe8 43. Qc2 a5 44. Ke2 Bf8 45. Ke1 Ndb6 46. Nd2 Nxd2 47.
Bxd2 Qc6 48. Kf2 Bg7 49. Qg6 Nxa4 50. c4 dxc4 51. Ne4 b5 52. Nf6+ Kf8 53. Nh7+
Kg8 54. d5 1-0

[Event "DVM U12 2013"]
[Site "Lichtenfels-Schney GER"]
[Date "2013.12.29"]
[Round "5"]
[White "Röhr, Tobias"]
[Black "Niemann, Alexander"]
[Result "0-1"]
[Termination "normal"]
[Board "3.3"]
[WhiteElo "1552"]
[BlackElo "1637"]
[WhiteTeam "USV Potsdam"]
[BlackTeam "SG Aufbau Elbe Magdeburg"]
[WhiteFideId "12963089"]
[BlackFideId "12939862"]
[EventCountry "GER"]
[EventRounds "7"]
[EventType "team-swiss"]
[EventDate "2013.12.26"]

1. c4 Nf6 2. Nc3 g6 3. g3 Bg7 4. Bg2 O-O 5. Nf3 c6 6. e3 d5 7. cxd5 cxd5 8. d4
Nc6 9. O-O Bf5 10. Nh4 Bg4 11. Qb3 Na5 12. Qb5 a6 13. Qb4 Rc8 14. Bd2 Nc4 15.
Be1 b5 16. h3 Bd7 17. Kh2 a5 18. Qb3 a4 19. Qb4 Nb6 20. Nxb5 Rc4 21. Qa5 Bxb5
22. Qxb5 e6 23. Ba5 Nfd7 24. Rac1 Qc8 25. Rxc4 Qxc4 26. Qxc4 Nxc4 27. Bc3 Rb8
28. Rb1 Bf8 29. Bf1 Bb4 30. Bd3 Bxc3 31. bxc3 Rxb1 32. Bxb1 a3 33. Nf3 Ndb6 34.
Ne1 Na4 35. Bc2 Nxc3 36. Bb3 Nd2 37. Nc2 Nxb3 38. axb3 a2 39. Kg2 Kf8 40. Kf1
Ke7 41. Ke1 Kd6 42. f3 e5 43. dxe5+ Kxe5 44. Kd2 Nb1+ 45. Kc1 Na3 46. Na1 d4
47. exd4+ Kxd4 48. Kb2 Nb5 49. Kxa2 Ke3 50. b4 Kxf3 51. Nc2 Kxg3 52. Kb3 f5 53.
Kc4 Nc7 54. Nd4 f4 55. Kc5 Na6+ 56. Kb5 Nxb4 57. Kxb4 f3 58. Nxf3 Kxf3 59. h4
Kg4 60. Kc3 Kxh4 61. Kd2 Kg3 62. Ke2 Kg2 63. Ke3 g5 64. Ke4 h5 65. Kf5 h4 66.
Kg4 h3 67. Kxg5 h2 68. Kf5 h1=Q 69. Ke5 Qd1 70. Ke4 Qd6 71. Ke3 Kg3 72. Ke4 Kg4
73. Ke3 Kf5 74. Kf3 Qd3+ 75. Kf2 Kf4 76. Ke1 Qc2 77. Kf1 Kf3 78. Kg1 Qg2# 0-1

[Event "DVM U12 2013"]
[Site "Lichtenfels-Schney GER"]
[Date "2013.12.29"]
[Round "5"]
[White "Cejda, Cecilia"]
[Black "Hausdorf, Lars"]
[Result "1-0"]
[Termination "normal"]
[Board "3.4"]
[WhiteElo "1552"]
[BlackElo "1344"]
[WhiteTeam "SG Aufbau Elbe Magdeburg"]
[BlackTeam "USV Potsdam"]
[WhiteFideId "12921122"]
[BlackFideId "16200390"]
[EventCountry "GER"]
[EventRounds "7"]
[EventType "team-swiss"]
[EventDate "2013.12.26"]

1. e4 e6 2. d4 d5 3. Nc3 Nf6 4. e5 Nfd7 5. Be3 c5 6. Nf3 Nc6 7. Be2 Qb6 8. b3
Be7 9. O-O O-O 10. Bd3 Kh8 11. Ne2 f6 12. exf6 Nxf6 13. c3 Bd7 14. Ng3 Rae8 15.
Nh4 cxd4 16. cxd4 Bd6 17. Nh5 Ng8 18. Qg4 g6 19. Nxg6+ hxg6 20. Qxg6 Re7 21.
Ng7 1-0

[Event "DVM U12 2013"]
[Site "Lichtenfels-Schney GER"]
[Date "2013.12.29"]
[Round "5"]
[White "Garbuz, Vitaliy"]
[Black "Weimert, Miriam"]
[Result "1-0"]
[Termination "normal"]
[Board "4.1"]
[WhiteElo "1555"]
[BlackElo "1390"]
[WhiteTeam "SF Dortmund-Brackel 1930"]
[BlackTeam "SG Turm Leipzig"]
[WhiteFideId "12990710"]
[BlackFideId "12966703"]
[EventCountry "GER"]
[EventRounds "7"]
[EventType "team-swiss"]
[EventDate "2013.12.26"]

1. e4 c5 2. d4 cxd4 3. c3 d3 4. Bxd3 Nc6 5. Nf3 d6 6. h3 g6 7. O-O Bg7 8. Bf4
Nf6 9. Qc2 O-O 10. Nbd2 Bd7 11. Rfe1 Rc8 12. Qd1 Qb6 13. Nc4 Qd8 14. Bh2 b5 15.
Ne3 b4 16. c4 Qb6 17. Rb1 Rfe8 18. Nf1 Nd4 19. Bf4 Ne6 20. Be3 Qb7 21. Ng3 Nc5
22. e5 Nxd3 23. Qxd3 dxe5 24. Nxe5 Red8 25. Nxd7 Rxd7 26. Qc2 Nd5 27. Bc1 Rdc7
28. b3 Nc3 29. Rb2 Rc5 30. Bd2 Re5 31. Rxe5 Bxe5 32. Bxc3 bxc3 33. Rb1 Rd8 34.
Ne4 Qb4 35. Rc1 Qa3 36. Nxc3 Bxc3 37. Qxc3 Qxa2 38. Re1 e6 39. Qf6 Rd2 40. Re3
Rb2 41. Rf3 Qa3 42. Qxf7+ Kh8 43. Qf6+ Kg8 44. Qxe6+ Kh8 45. Qe8+ Kg7 46. Rf7+
Kh6 47. Qe3+ Kh5 48. Rxh7# 1-0

[Event "DVM U12 2013"]
[Site "Lichtenfels-Schney GER"]
[Date "2013.12.29"]
[Round "5"]
[White "Lieberwirth, Kasimir"]
[Black "Kartsev, Nikolaj"]
[Result "1-0"]
[Termination "normal"]
[Board "4.2"]
[WhiteElo "1457"]
[BlackElo "1581"]
[WhiteTeam "SG Turm Leipzig"]
[BlackTeam "SF Dortmund-Brackel 1930"]
[WhiteFideId "12988146"]
[BlackFideId "12939536"]
[EventCountry "GER"]
[EventRounds "7"]
[EventType "team-swiss"]
[EventDate "2013.12.26"]

1. e4 c5 2. Nc3 e6 3. Bc4 a6 4. a4 d6 5. d3 Nc6 6. f4 Be7 7. Nf3 Bf6 8. Bd2
Nge7 9. Ba2 O-O 10. O-O Nd4 11. Kh1 Nxf3 12. Rxf3 Nc6 13. Rh3 Nd4 14. Qh5 h6
15. f5 exf5 16. Bxh6 g6 17. Qxg6+ 1-0

[Event "DVM U12 2013"]
[Site "Lichtenfels-Schney GER"]
[Date "2013.12.29"]
[Round "5"]
[White "Salem Elier, Ali"]
[Black "Hummel, Jeremias"]
[Result "1-0"]
[Termination "normal"]
[Board "4.3"]
[WhiteElo "1206"]
[BlackElo "1237"]
[WhiteTeam "SF Dortmund-Brackel 1930"]
[BlackTeam "SG Turm Leipzig"]
[WhiteFideId "16217543"]
[EventCountry "GER"]
[EventRounds "7"]
[EventType "team-swiss"]
[EventDate "2013.12.26"]

1. e4 c5 2. d4 cxd4 3. c3 d3 4. Bxd3 Nc6 5. Nf3 g6 6. O-O Bg7 7. Be3 Nf6 8. h3
O-O 9. Nbd2 d6 10. Qc2 Bd7 11. Rad1 Rc8 12. Qb1 Be8 13. Rfe1 Nd7 14. Nb3 Nde5
15. Nxe5 Nxe5 16. Be2 Bd7 17. f4 Nc6 18. Rd2 Be6 19. Nc5 Qb6 20. f5 Bxf5 21.
exf5 dxc5 22. Bc4 Qc7 23. fxg6 hxg6 24. Qxg6 Ne5 25. Qe4 Nxc4 26. Qxc4 Qg3 27.
Bf2 Qg5 28. Re3 e6 29. Rde2 Rc6 30. Rg3 Qc1+ 31. Re1 Qh6 32. Be3 Qf6 33. Bg5
Qg6 34. Qh4 e5 35. Be7 Bf6 36. Rxg6+ fxg6 37. Bxf6 Rcxf6 38. Qg5 1-0

[Event "DVM U12 2013"]
[Site "Lichtenfels-Schney GER"]
[Date "2013.12.29"]
[Round "5"]
[White "Buschmann, Julius"]
[Black "Riede, Niklas"]
[Result "0-1"]
[Termination "normal"]
[Board "4.4"]
[WhiteElo "1230"]
[BlackElo "1081"]
[WhiteTeam "SG Turm Leipzig"]
[BlackTeam "SF Dortmund-Brackel 1930"]
[WhiteFideId "16255895"]
[EventCountry "GER"]
[EventRounds "7"]
[EventType "team-swiss"]
[EventDate "2013.12.26"]

1. e4 e5 2. Nf3 Nc6 3. Bc4 Nf6 4. d4 exd4 5. c3 dxc3 6. Nxc3 d6 7. O-O Be7 8.
Bg5 O-O 9. h3 Re8 10. Re1 h6 11. Be3 a6 12. Qb3 Rf8 13. Rad1 Qe8 14. Nd5 Nxd5
15. Bxd5 Bf6 16. Bf4 Ra7 17. Re2 Ne5 18. Nxe5 dxe5 19. Be3 b6 20. Rc2 Be6 21.
Rdc1 Bxd5 22. exd5 Qd7 23. a4 a5 24. Qb5 Rd8 25. Qd3 c5 26. Qb3 Rb7 27. Rd2 Be7
28. Rcd1 Bd6 29. Qc4 Ra7 30. b3 Kh7 31. Qe4+ g6 32. Qh4 h5 33. Qg5 Raa8 34.
Qh6+ Kg8 35. Bg5 Bf8 36. Qxf8+ Kxf8 37. Bxd8 Rxd8 38. Rd3 b5 39. axb5 Qxb5 40.
d6 Rd7 41. g3 a4 42. bxa4 Qxa4 43. Rc1 c4 44. Rd5 Qc6 45. Rxe5 Rxd6 46. Re2 c3
47. Rec2 Rd3 48. Kf1 f5 49. Ke2 Qc4 50. Ke1 Kf7 51. Rb1 Kf6 52. Rb6+ Ke5 53.
Rb8 Rd6 54. Re8+ Re6 55. Re2+ Qxe2+ 56. Kxe2 Rxe8 57. Kd3 Rc8 58. Kc2 f4 59.
gxf4+ Kxf4 60. h4 Kg4 0-1

[Event "DVM U12 2013"]
[Site "Lichtenfels-Schney GER"]
[Date "2013.12.29"]
[Round "5"]
[White "Kölz, Niklas"]
[Black "Irkilmez, Yakub"]
[Result "1/2-1/2"]
[Termination "normal"]
[Board "5.1"]
[WhiteElo "1719"]
[BlackElo "1542"]
[WhiteTeam "Märkischer Springer Halver-Schalksmühle"]
[BlackTeam "SK Blauer Springer Paderborn"]
[WhiteFideId "12971758"]
[BlackFideId "16204581"]
[EventCountry "GER"]
[EventRounds "7"]
[EventType "team-swiss"]
[EventDate "2013.12.26"]

1. e4 e6 2. d4 d5 3. Nc3 Nf6 4. Bg5 Bb4 5. e5 h6 6. Be3 Nfd7 7. a3 Be7 8. Qg4
g6 9. h4 h5 10. Qg3 a6 11. Nf3 c5 12. Bd3 Nc6 13. O-O-O c4 14. Be2 b5 15. Ng5
Ndb8 16. Qf3 Rf8 17. Nh7 Rh8 18. Nf6+ Bxf6 19. exf6 Nd7 20. Bg5 Rb8 21. Rhe1
Kf8 22. Qf4 Kg8 23. g4 a5 24. gxh5 Nf8 25. Bh6 Rxh6 26. Qxh6 Qxf6 27. hxg6 fxg6
28. h5 b4 29. axb4 axb4 30. Nb1 Nxd4 31. Qe3 Nxe2+ 32. Rxe2 b3 33. c3 Ra8 34.
Na3 Qf5 35. hxg6 Nxg6 36. Rg1 Kf7 37. Qg3 Qf4+ 38. Re3 Qxg3 39. fxg3 e5 40. Kd2
Bg4 41. Rf1+ Ke7 42. Ree1 e4 43. Ra1 Rh8 44. Nb5 Rh2+ 45. Kc1 Rc2+ 46. Kb1 Ne5
47. Ra7+ Bd7 48. Nd4 1/2-1/2

[Event "DVM U12 2013"]
[Site "Lichtenfels-Schney GER"]
[Date "2013.12.29"]
[Round "5"]
[White "Kesselmeier, Kevin"]
[Black "Browning, Alex"]
[Result "1-0"]
[Termination "normal"]
[Board "5.2"]
[WhiteElo "1372"]
[BlackElo "1517"]
[WhiteTeam "SK Blauer Springer Paderborn"]
[BlackTeam "Märkischer Springer Halver-Schalksmühle"]
[WhiteFideId "16217551"]
[BlackFideId "12984019"]
[EventCountry "GER"]
[EventRounds "7"]
[EventType "team-swiss"]
[EventDate "2013.12.26"]

1. e4 c5 2. c4 Nc6 3. Nc3 Nf6 4. g3 e6 5. Bg2 Be7 6. Nge2 O-O 7. O-O a6 8. d3
Rb8 9. a4 Ne8 10. f4 Nc7 11. Be3 b5 12. axb5 axb5 13. cxb5 Nxb5 14. Bh3 Nbd4
15. Rb1 Ba6 16. Bxd4 cxd4 17. Na2 Qa5 18. Nac1 Rfc8 19. Rf3 Ba3 20. Nb3 Qb6 21.
bxa3 Na5 22. Nd2 Qc6 23. Nb3 Qb6 24. Nd2 Qc6 25. Kg2 Rxb1 26. Qxb1 Qc2 27. Qe1
Bxd3 28. Nxd4 1-0

[Event "DVM U12 2013"]
[Site "Lichtenfels-Schney GER"]
[Date "2013.12.29"]
[Round "5"]
[White "Hardt, Silas"]
[Black "Schlangenotto, Niklas"]
[Result "1/2-1/2"]
[Termination "normal"]
[Board "5.3"]
[WhiteElo "1305"]
[BlackElo "1417"]
[WhiteTeam "Märkischer Springer Halver-Schalksmühle"]
[BlackTeam "SK Blauer Springer Paderborn"]
[WhiteFideId "16200667"]
[BlackFideId "16217560"]
[EventCountry "GER"]
[EventRounds "7"]
[EventType "team-swiss"]
[EventDate "2013.12.26"]

1. d4 Nf6 2. Nf3 g6 3. Bf4 Bg7 4. e3 O-O 5. Be2 d6 6. h3 Re8 7. O-O Nbd7 8.
Nbd2 e5 9. Bh2 h6 10. Nc4 e4 11. Nfd2 d5 12. Na3 a6 13. c4 Nb6 14. Rc1 Re7 15.
Nab1 Be6 16. cxd5 Bxd5 17. Nc3 Rc8 18. Nxd5 Nfxd5 19. a3 f5 20. Nc4 Nxc4 21.
Bxc4 Rd7 22. Qc2 Kh7 23. Qb3 c6 24. Rc2 b5 25. Bxd5 Rxd5 26. Rfc1 Qb6 27. a4 g5
28. g3 1/2-1/2

[Event "DVM U12 2013"]
[Site "Lichtenfels-Schney GER"]
[Date "2013.12.29"]
[Round "5"]
[White "Wanke, Mathis"]
[Black "Browning, Rebecca"]
[Result "1/2-1/2"]
[Termination "normal"]
[Board "5.4"]
[WhiteElo "1326"]
[BlackElo "1090"]
[WhiteTeam "SK Blauer Springer Paderborn"]
[BlackTeam "Märkischer Springer Halver-Schalksmühle"]
[WhiteFideId "16217578"]
[BlackFideId "12984027"]
[EventCountry "GER"]
[EventRounds "7"]
[EventType "team-swiss"]
[EventDate "2013.12.26"]

1. d4 Nf6 2. Nf3 e6 3. Bf4 b6 4. e3 Bb7 5. Bd3 d6 6. O-O Nbd7 7. c4 Qe7 8. Bg5
h6 9. Bxf6 gxf6 10. Bc2 O-O-O 11. b4 Rg8 12. a4 d5 13. c5 bxc5 14. bxc5 Nxc5
15. dxc5 Qxc5 16. Qd3 Qc6 17. Qc3 d4 18. Qxc6 Bxc6 19. Nxd4 Bxg2 20. Re1 Bh3+
21. Kh1 Bg2+ 22. Kg1 Bh3+ 23. Kh1 Bg2+ 1/2-1/2